Appraising residential properties (Record no. 104255)

MARC details
000 -LEADER
fixed length control field 01166cam a2200229 4500
001 - CONTROL NUMBER
control field L129648
008 - FIXED-LENGTH DATA ELEMENTS--GENERAL INFORMATION
fixed length control field 050506n1999 000 0 eng u
020 ## - INTERNATIONAL STANDARD BOOK NUMBER
International Standard Book Number 0922154570
035 ## - SYSTEM CONTROL NUMBER
System control number (Sirsi) u129648
041 ## - LANGUAGE CODE
Language code of text/sound track or separate title eng
050 ## - LIBRARY OF CONGRESS CALL NUMBER
Classification number 333.3320973
-- 18
110 ## - MAIN ENTRY--CORPORATE NAME
Corporate name or jurisdiction name as entry element Appraisal Institute
9 (RLIN) 2987
245 ## - TITLE STATEMENT
Title Appraising residential properties
250 ## - EDITION STATEMENT
Edition statement 3rd ed.
260 ## - PUBLICATION, DISTRIBUTION, ETC.
Place of publication, distribution, etc. Chicago
Name of publisher, distributor, etc. Appraisal Institute
Date of publication, distribution, etc. 1999
300 ## - PHYSICAL DESCRIPTION
Extent vii, 454p.
Dimensions 25cm.
350 ## - PRICE (NR) (BK AM CF MU VM SE) [OBSOLETE]
Price 48.00
520 ## - SUMMARY, ETC.
Summary, etc. This American text now in its third edition provides a full treatment of the techniques and procedures of residential property appraisal. Provides step-by-step instruction on the valuation process from initial inspection to final appraisal report. New information in this edition includes coverage of information technology applications in residential appraisal as well as major changes in the Standards of Professional Practice and refinements of the three approaches to value. Appendices cover professional practice and the anatomy of a house. Bibliography.
690 ## - LOCAL SUBJECT ADDED ENTRY--TOPICAL TERM (OCLC, RLIN)
Topical term or geographic name as entry element PROPERTY-RESIDENTIAL PROPERTY-RESIDENTIAL PROPERTY APPRAISAL AND VALUATION
942 ## - ADDED ENTRY ELEMENTS (KOHA)
Suppress in OPAC 0
Holdings
Withdrawn status Lost status Source of classification or shelving scheme Damaged status Not for loan Home library Current library Shelving location Date acquired Cost, normal purchase price Total Checkouts Full call number Barcode Date last seen Date last checked out Copy number Cost, replacement price Price effective from Koha item type
    Dewey Decimal Classification     London London Books 16/06/2005 48.00 12 333.3320973 30067478 06/08/2019 20/10/2008 1 48.00 06/08/2019 Book